Central Library OPAC University of Rajshahi

The United Nations : (Record no. 24264)

MARC details
000 -LEADER
fixed length control field 00673cam a2200217 a 4500
001 - CONTROL NUMBER
control field 24264
003 - CONTROL NUMBER IDENTIFIER
rucl marc code BD-RjUL
005 - DATE AND TIME OF LATEST TRANSACTION
control field 20211209001029.0
008 - FIXED-LENGTH DATA ELEMENTS--GENERAL INFORMATION
fixed length control field 140312r19651963enk 001 0 eng d
035 ## - SYSTEM CONTROL NUMBER
System control number (BD-RjUL)24330
040 ## - CATALOGING SOURCE
Original cataloging agency EQO
Language of cataloging eng
Transcribing agency BD-RjUL
Modifying agency BD-RjUL
041 ## - LANGUAGE CODE
Language code of text/sound track or separate title eng
082 ## - DEWEY DECIMAL CLASSIFICATION NUMBER
Classification number 341.13
Author mark and year BAU
100 1# - MAIN ENTRY--PERSONAL NAME
Personal name Bailey, Sydney D.
Fuller form of name (Sydney Dawson),
Dates associated with a name 1916-1995.
9 (RLIN) 16879
245 14 - TITLE STATEMENT
Title The United Nations :
Remainder of title a short political guide /
Statement of responsibility, etc. Sydney D. Bailey
260 ## - PUBLICATION, DISTRIBUTION, ETC. (IMPRINT)
Place of publication, distribution, etc. London :
Name of publisher, distributor, etc. Pall Mall Press,
Date of publication, distribution, etc. 1963 [reprinted 1965]
300 ## - PHYSICAL DESCRIPTION
Pagination 141 p. ;
Size 21 cm
504 ## - BIBLIOGRAPHY, ETC. NOTE
Bibliography, etc Includes bibliographical references and index
610 20 - SUBJECT ADDED ENTRY--CORPORATE NAME
Corporate name or jurisdiction name as entry element United Nations.
942 ## - ADDED ENTRY ELEMENTS (KOHA)
Source of classification or shelving scheme Dewey Decimal Classification
Koha item type Books
Holdings
Lost status Source of classification or shelving scheme Damaged status Not for loan Collection code Permanent Location Current Location Shelving location Date acquired Source of acquisition Cost, normal purchase price Total Checkouts Full call number Date last seen Copy number Koha item type
  Dewey Decimal Classification     Non-fiction Central Library, University of Rajshahi Central Library, University of Rajshahi   10/09/1969 Zeitlinger 28.60   341.13 BAU 1965 12/03/2014 C-6 Books
  Dewey Decimal Classification     Non-fiction Central Library, University of Rajshahi Central Library, University of Rajshahi   12/09/1968 Zeitlinger 12.60   341.13 BAU 1963 27/07/2016 C-2 Books